000 00547nam a22001937a 4500
003 OSt
005 20140310181753.0
008 121211t xxu||||| |||| 00| 0 eng d
020 _a9712710068
050 _aPL 5531.6
_b.An628 2000
082 _aFIL 899.2103
_bC19po 2000
100 _aCarlos Palanca Foundation
245 _aAn Anthology of winning works :
_bthe 1980s poetry /
260 _aManila, Philippines :
_bCarlos Palanca Foundation
_c2000.
300 _a523 p. :
_c22 cm.
650 _aAnthology
942 _2lcc
_cBK
999 _c3314
_d3314